00351cam a22001097a 4500008004000000082001900040100002500059245006000084260005000144300001000194700003700204180718b1961 xxu||||| |||| 00| 0 eng d aBA27x5413 B489 aPrasad, Narmadeshwar aLand and people of tribal Biharcby Narmadeshwar Prasad aRanchibBihar Tribal Research Institutec1961 a378p. aBihar. Tribal Research Institute